01076cam a2200289 i 4500001001000000003000900010005001700019007000300036008004100039040003000080041000800110082001900118100003700137245012700174264005000301300002900351336002700380337003300407338002800440590002500468650000900493650000900502910000700511942001400518952023700532999001700769000008867DO-SdBNP20250428140753.0ta250428s2004 cu 000 f spa d aDO-SdBNPbspacBNPHUerda hspa axxxbP376t2221 aPeguero, Valentinaeautor92341910aThe militarization of culture in the Dominican Republic, from the captain general to general Trujillo /cValentina Peguero aLondon :bUniversity Of Nebraska Press,c2004 a263 páginas. ;c24 cm. ardacontentbtexto2txt ardamediabsin mediación2n ardacarrierbvolumen2nc aInventariado,2025/DG 492316 91483 aDG 2ddccLBS1 00102ddc51708PDaBNPHUbBNPHUcCTd2025-04-28eDonado por la Presidencia de la República Dominicana 2023l0oBNPHU PD P376tp2025-3734r2025-04-28w2025-04-28yLBS1zPertenecio a la biblioteca personal de Emilio Cordero Michel c58832d58832